[Event "Soviet zonal (w)"]
[Site "Chernigov URS"]
[Date "1985.??.??"]
[Round "?"]
[White "Akhsharumova, Anna"]
[Black "Chelushkina, Irina"]
[Result "0-1"]
[WhiteElo "2215"]
[BlackElo "2160"]
[EventDate "1985.01.??"]
[PlyCount "60"]

1.d4 Nf6 2.c4 g6 3.Nc3 d5 4.cxd5 Nxd5 5.Bd2 Nb6 6.Bg5 Bg7 7.e3 a5 8.Rc1 a4
9.Nf3 O-O 10.Be2 Nc6 11.O-O Be6 12.Nd2 h6 13.Bf4 Nd5 14.Bg3 a3 15.b3 Nxc3 
16.Rxc3 Nb4 17.Rxc7 Nxa2 18.Qa1 Nb4 19.Rxb7 Nc6 20.Qa2 Bc8 21.Rc7 Nb4 22.
Qa1 e5 23.Rc4 exd4 24.exd4 Ba6 25.Rxb4 Bxe2 26.Re1 Re8 27.Bf4 a2 28.h3 Qh4
29.Bd6 Qg5 30.f4 Qg3 0-1

[Event "Soviet zonal (w)"]
[Site "Chernigov URS"]
[Date "1985.??.??"]
[Round "?"]
[White "Arakhamia, Ketevan"]
[Black "Gurieli, Nino"]
[Result "0-1"]
[WhiteElo "2140"]
[BlackElo "2275"]
[EventDate "1985.01.??"]
[PlyCount "64"]

1.e4 g6 2.d4 Bg7 3.Nc3 d6 4.f4 Nf6 5.Nf3 O-O 6.Bd3 Na6 7.O-O c5 8.d5 Rb8 
9.Kh1 Nb4 10.Be2 Bg4 11.a3 Na6 12.Qe1 Nc7 13.Qh4 Bxf3 14.Rxf3 e6 15.f5 
exf5 16.exf5 Nd7 17.Bg5 Bf6 18.fxg6 fxg6 19.Rxf6 Nxf6 20.Rf1 Nce8 21.Ne4 
Qe7 22.Bd3 c4 23.Nxf6+ Nxf6 24.Bxf6 cxd3 25.cxd3 Rbe8 26.h3 Qe2 27.Rc1 Rf7
28.Qd4 Ref8 29.Bg5 Rf1+ 30.Rxf1 Rxf1+ 31.Kh2 Qe1 32.g4 Rh1+ 0-1

[Event "Soviet zonal (w)"]
[Site "Chernigov URS"]
[Date "1985.??.??"]
[Round "?"]
[White "Matveeva, Svetlana"]
[Black "Minogina, Tamara"]
[Result "1-0"]
[WhiteElo "2125"]
[BlackElo "2110"]
[EventDate "1985.01.??"]
[PlyCount "66"]

1.d4 d5 2.c4 e6 3.Nc3 Be7 4.cxd5 exd5 5.Bf4 Nf6 6.e3 O-O 7.Bd3 b6 8.Nf3 
Bb7 9.O-O c5 10.Ne5 Nc6 11.Ba6 Qc8 12.Nxc6 Qxc6 13.Bxb7 Qxb7 14.dxc5 bxc5 
15.b3 Rfd8 16.Qf3 Qb4 17.Rac1 d4 18.Na4 Nd5 19.exd4 Nxf4 20.Qxf4 cxd4 21.
Rc4 Qa3 22.Qe4 Bf6 23.Rfc1 h6 24.Nc5 d3 25.Nd7 Bg5 26.Rd1 Qxa2 27.Qxd3 Re8
28.h4 Be7 29.Ra4 Qb2 30.Rb1 Bd6 31.Rxb2 Re1+ 32.Qf1 Bh2+ 33.Kxh2 Rxf1 1-0

[Event "Soviet zonal (w)"]
[Site "Chernigov URS"]
[Date "1985.??.??"]
[Round "?"]
[White "Sakhatova, Gulnar"]
[Black "Zaitseva, Ludmila"]
[Result "1-0"]
[WhiteElo "2070"]
[BlackElo "2165"]
[EventDate "1985.01.??"]
[PlyCount "69"]

1.d4 e6 2.Nf3 f5 3.g3 d5 4.Bg2 Nf6 5.O-O Bd6 6.c4 c6 7.Nbd2 Nbd7 8.Qc2 O-O
9.Ne1 Qe8 10.Nd3 Ne4 11.Nf3 Qh5 12.Bf4 Bxf4 13.Nxf4 Qh6 14.h4 Ndf6 15.Ne5 
Bd7 16.Bf3 Rae8 17.Kg2 Re7 18.Rh1 g6 19.Qc1 Qg7 20.h5 Be8 21.h6 Qh8 22.
cxd5 exd5 23.Qe3 Nd7 24.Bxe4 fxe4 25.Ng4 Bf7 26.Qa3 Rfe8 27.Qxa7 b5 28.Qa6
Qxd4 29.e3 Qxb2 30.Rab1 Qc2 31.Rhc1 Qd2 32.Qxc6 g5 33.Nf6+ Kh8 34.Nxd7 Be6
35.Nxe6 1-0

[Event "Soviet zonal (w)"]
[Site "Chernigov URS"]
[Date "1985.??.??"]
[Round "?"]
[White "Chelushkina, Irina"]
[Black "Muchnik, Larisa"]
[Result "1/2-1/2"]
[WhiteElo "2160"]
[BlackElo "2190"]
[EventDate "1985.01.??"]
[PlyCount "79"]

1.e4 e6 2.d4 d5 3.Nd2 Nf6 4.e5 Nfd7 5.Bd3 c5 6.c3 Nc6 7.Ngf3 cxd4 8.cxd4 
Qb6 9.O-O Nxd4 10.Nxd4 Qxd4 11.Nf3 Qb6 12.Qa4 Qb4 13.Qc2 Qc5 14.Qe2 Be7 
15.Be3 Qa5 16.Qc2 h6 17.a3 O-O 18.b4 Qd8 19.Rab1 Nb6 20.Qc1 f5 21.exf6 
Bxf6 22.Bc5 Rf7 23.Bg6 Rc7 24.Qf4 Nc4 25.Rbe1 Bd7 26.Bd3 b6 27.Bd4 Rac8 
28.Ne5 Nxe5 29.Bxe5 Bxe5 30.Qxe5 Qf6 31.Qd6 Qf8 32.Qg3 Qf6 33.h3 Bc6 34.b5
Be8 35.Qd6 Bf7 36.Re3 e5 37.Qxe5 Qxe5 38.Rxe5 Rc3 39.Bf5 Rd8 40.a4 1/2-1/2

[Event "Soviet zonal (w)"]
[Site "Chernigov URS"]
[Date "1985.??.??"]
[Round "?"]
[White "Akhmilovskaya, Elena"]
[Black "Alekhina, Natalia"]
[Result "1-0"]
[WhiteElo "2245"]
[BlackElo "2170"]
[EventDate "1985.01.??"]
[PlyCount "79"]

1.d4 Nf6 2.c4 c5 3.d5 b5 4.cxb5 a6 5.bxa6 g6 6.Nc3 Bxa6 7.e4 Bxf1 8.Kxf1 
d6 9.g3 Bg7 10.Nge2 O-O 11.Kg2 Nbd7 12.Rb1 Qa5 13.b3 Rfb8 14.a3 Ng4 15.Qc2
Qa6 16.Rd1 Nb6 17.h3 Ne5 18.f4 Ned7 19.g4 Ra7 20.Rf1 Na8 21.g5 Nc7 22.Rd1 
Rab7 23.h4 Rb6 24.Kf2 Qb7 25.Bd2 Rxb3 26.Rxb3 Qxb3 27.Qxb3 Rxb3 28.Rb1 
Rxb1 29.Nxb1 Na6 30.Ke3 e6 31.Ba5 exd5 32.exd5 Kf8 33.Kd3 Ke7 34.Kc4 h6 
35.Kb5 Nab8 36.Nd2 hxg5 37.hxg5 f6 38.Bc7 fxg5 39.fxg5 Bf8 40.Ne4 1-0

[Event "Soviet zonal (w)"]
[Site "Chernigov URS"]
[Date "1985.??.??"]
[Round "?"]
[White "Matveeva, Svetlana"]
[Black "Sakhatova, Gulnar"]
[Result "1-0"]
[WhiteElo "2115"]
[BlackElo "2070"]
[EventDate "1985.01.??"]
[PlyCount "80"]

1.d4 Nf6 2.c4 g6 3.Nc3 Bg7 4.Bg5 O-O 5.Nf3 c5 6.e3 h6 7.Bh4 cxd4 8.Nxd4 
Nc6 9.Be2 d6 10.O-O Bd7 11.Rc1 Rc8 12.Qd2 Ne5 13.b3 g5 14.Bg3 Ng6 15.Bd3 
h5 16.f3 h4 17.Bf2 Ne8 18.Bxg6 fxg6 19.e4 e6 20.Ndb5 Be5 21.Nxa7 Ra8 22.
Nab5 h3 23.Be3 hxg2 24.Qxg2 Bf4 25.Bxf4 Rxf4 26.a4 e5 27.Rcd1 Rh4 28.Rf2 
Ra6 29.Nd5 Bh3 30.Qg3 Ng7 31.Ndc7 Nh5 32.Qxe5 Rc6 33.Rxd6 Qf8 34.Rxc6 bxc6
35.Qxg5 Qb4 36.Rd2 Kh7 37.Nd6 Qxb3 38.Qxh4 Qxf3 39.Qf2 Qg4+ 40.Kh1 Nf4 1-0

[Event "Soviet zonal (w)"]
[Site "Chernigov URS"]
[Date "1985.??.??"]
[Round "?"]
[White "Minogina, Tamara"]
[Black "Arakhamia, Ketevan"]
[Result "1-0"]
[WhiteElo "2110"]
[BlackElo "2140"]
[EventDate "1985.01.??"]
[PlyCount "81"]

1.d4 Nf6 2.c4 c5 3.d5 b5 4.cxb5 a6 5.bxa6 Bxa6 6.Nc3 g6 7.e4 Bxf1 8.Kxf1 
d6 9.Nge2 Bg7 10.g3 O-O 11.Kg2 Nbd7 12.Rb1 Qa5 13.b3 Rfc8 14.Qc2 Rab8 15.
a3 Qa7 16.h3 h6 17.Rf1 g5 18.a4 Ne5 19.Nb5 Qd7 20.Nec3 g4 21.hxg4 Qxg4 22.
f3 Qg6 23.f4 Neg4 24.f5 Qh7 25.Qe2 h5 26.Bf4 Bh6 27.Qd2 Bxf4 28.gxf4 Qg7 
29.Kh1 h4 30.Rf3 Nh5 31.Ne2 Qh6 32.Rbf1 Kg7 33.Rh3 Ngf6 34.Qd3 Rg8 35.e5 
Ng4 36.f6+ Kh8 37.Rxh4 dxe5 38.Qh3 Ngxf6 39.fxe5 Qd2 40.exf6 Qxd5+ 41.Qf3 
1-0

[Event "Soviet zonal (w)"]
[Site "Chernigov URS"]
[Date "1985.??.??"]
[Round "?"]
[White "Akhsharumova, Anna"]
[Black "Matveeva, Svetlana"]
[Result "1/2-1/2"]
[WhiteElo "2215"]
[BlackElo "2115"]
[EventDate "1985.01.??"]
[PlyCount "82"]

1.d4 d5 2.c4 e6 3.cxd5 exd5 4.Nc3 Be7 5.Bf4 c6 6.Qc2 Na6 7.e3 Nb4 8.Qd2 
Bf5 9.Rc1 a5 10.a3 Na6 11.Bd3 Bxd3 12.Qxd3 Nf6 13.Nf3 O-O 14.h3 Nc7 15.O-O
Re8 16.Ne5 Bd6 17.Na4 Ne6 18.Bh2 Nf8 19.Qb3 Qe7 20.Nc5 Ne4 21.Nxe4 dxe4 
22.f3 Bxe5 23.Bxe5 exf3 24.Rxf3 Ne6 25.Rcf1 Rf8 26.Rf5 f6 27.Bg3 Kh8 28.
Bh4 a4 29.Qd3 Qf7 30.R1f3 Rae8 31.Qd1 Nc7 32.Qxa4 Nd5 33.Bf2 Re4 34.Re5 
Re8 35.Rxe4 Rxe4 36.Qa8+ Re8 37.Qa7 h6 38.a4 Re4 39.a5 Qe7 40.a6 bxa6 41.
Qxa6 Qe8 1/2-1/2

[Event "Soviet zonal (w)"]
[Site "Chernigov URS"]
[Date "1985.??.??"]
[Round "?"]
[White "Muchnik, Larisa"]
[Black "Arakhamia, Ketevan"]
[Result "0-1"]
[WhiteElo "2190"]
[BlackElo "2140"]
[EventDate "1985.01.??"]
[PlyCount "82"]

1.d4 Nf6 2.c4 c5 3.d5 b5 4.cxb5 a6 5.f3 g6 6.e4 d6 7.a4 Bg7 8.Na3 O-O 9.
Bc4 Nbd7 10.Ne2 Ne5 11.Ba2 axb5 12.axb5 Ne8 13.O-O Qb6 14.Kh1 Nc7 15.f4 
Ng4 16.Bc4 Bd7 17.Nc3 Bd4 18.Qe2 Nf6 19.Bd2 Rab8 20.Rae1 Qb7 21.Qd3 e6 22.
dxe6 fxe6 23.Qf3 d5 24.Bd3 c4 25.Bb1 Nxb5 26.Naxb5 Bxb5 27.Nxb5 Qxb5 28.
Bc3 Bb6 29.exd5 exd5 30.Be5 Rbe8 31.f5 d4 32.Bd6 Rxe1 33.Rxe1 Re8 34.Qf1 
d3 35.fxg6 hxg6 36.Rxe8+ Qxe8 37.Bb4 Ng4 38.Ba2 Nf2+ 39.Kg1 Qb5 40.Bc3 
Ne4+ 41.Kh1 Ng3+ 0-1

[Event "Soviet zonal (w)"]
[Site "Chernigov URS"]
[Date "1985.??.??"]
[Round "?"]
[White "Titorenko, Natalia"]
[Black "Gurieli, Nino"]
[Result "1-0"]
[WhiteElo "2105"]
[BlackElo "2275"]
[EventDate "1985.01.??"]
[PlyCount "83"]

1.Nf3 Nf6 2.c4 d6 3.g3 e5 4.d3 g6 5.Nc3 Bg7 6.Bg2 O-O 7.O-O c5 8.Rb1 Nc6 
9.a3 Rb8 10.b4 b6 11.e4 Bg4 12.h3 Bxf3 13.Bxf3 Ne8 14.Be3 Nc7 15.Bg2 h5 
16.Qa4 Qd7 17.Nd5 Kh7 18.b5 Na5 19.Bd2 Nxd5 20.cxd5 Qc7 21.h4 Nb7 22.Bh3 
Bh6 23.Be3 Na5 24.Qc2 Bxe3 25.fxe3 Qe7 26.Qe2 Kg7 27.Rf2 Rb7 28.Rbf1 Rc7 
29.Be6 Qd8 30.Rf3 c4 31.dxc4 Nxc4 32.a4 Na5 33.Qf2 Qe8 34.Rf6 Nb3 35.g4 
hxg4 36.h5 Nc5 37.hxg6 Nxe4 38.gxf7 Qxe6 39.dxe6 Nxf2 40.R1xf2 Re7 41.e4 
Rc7 42.Kg2 1-0

[Event "Soviet zonal (w)"]
[Site "Chernigov URS"]
[Date "1985.??.??"]
[Round "?"]
[White "Chelushkina, Irina"]
[Black "Akhmilovskaya, Elena"]
[Result "0-1"]
[WhiteElo "2160"]
[BlackElo "2245"]
[EventDate "1985.01.??"]
[PlyCount "84"]

1.e4 e5 2.Nf3 Nc6 3.Nc3 Nf6 4.Bb5 Bb4 5.O-O O-O 6.d3 d6 7.Bg5 Bxc3 8.bxc3 
Qe7 9.Bxc6 bxc6 10.Nd2 h6 11.Bh4 g5 12.Bg3 c5 13.Nc4 Bg4 14.Qd2 Nh5 15.Ne3
Bd7 16.c4 f5 17.exf5 Bxf5 18.Nxf5 Rxf5 19.Qe2 Qf7 20.Rab1 Ng7 21.Rb7 Ne6 
22.Qe4 h5 23.h4 gxh4 24.Qxh4 Kh7 25.Re1 Rg8 26.Re4 Rfg5 27.Rxa7 Nd4 28.a4 
Nf5 29.Qh1 Rxg3 30.fxg3 Nxg3 31.Rxc7 Qxc7 32.Qh4 Nxe4 33.Qxh5+ Kg7 34.dxe4
Qe7 35.a5 Rf8 36.a6 Qf7 37.Qg4+ Qg6 38.Qh3 Rf7 39.Qb3 Qxe4 40.Qb8 Qe1+ 41.
Kh2 Qh4+ 42.Kg1 Qxc4 0-1

[Event "Soviet zonal (w)"]
[Site "Chernigov URS"]
[Date "1985.??.??"]
[Round "?"]
[White "Akhmilovskaya, Elena"]
[Black "Fatalibekova, Elena"]
[Result "1/2-1/2"]
[WhiteElo "2245"]
[BlackElo "2120"]
[EventDate "1985.01.??"]
[PlyCount "87"]

1.d4 Nf6 2.Nf3 b6 3.c4 e6 4.g3 Ba6 5.b3 Bb4+ 6.Bd2 Be7 7.Nc3 d5 8.cxd5 
exd5 9.Bg2 O-O 10.O-O Bb7 11.Rc1 Na6 12.Bf4 Ba3 13.Rc2 Nb4 14.Rd2 Na6 15.
Ne5 Re8 16.Bg5 Be7 17.Qb1 h6 18.Bxf6 Bxf6 19.f4 c5 20.Rfd1 cxd4 21.Nxd5 
Bxe5 22.fxe5 Nc5 23.Rxd4 Rxe5 24.b4 Ne6 25.R4d2 Qg5 26.e4 Re8 27.Qb3 h5 
28.Qc3 Nf8 29.Rf2 Rxe4 30.Bxe4 Rxe4 31.Qd2 Qe5 32.a3 h4 33.Rf4 hxg3 34.
hxg3 Re2 35.Qd3 Qb2 36.Qf3 Qc2 37.Rf1 Qd2 38.Nf6+ gxf6 39.Qxb7 Qe3+ 40.
R1f2 Rxf2 41.Rxf2 Qxa3 42.Qf3 Qxb4 43.Qxf6 Qe1+ 44.Kh2 1/2-1/2

[Event "Soviet zonal (w)"]
[Site "Chernigov URS"]
[Date "1985.??.??"]
[Round "?"]
[White "Gurieli, Nino"]
[Black "Zaitseva, Ludmila"]
[Result "0-1"]
[WhiteElo "2275"]
[BlackElo "2165"]
[EventDate "1985.01.??"]
[PlyCount "100"]

1.Nf3 e6 2.c4 f5 3.g3 Nf6 4.Bg2 Be7 5.O-O O-O 6.d4 d5 7.Nc3 c6 8.Bg5 Nbd7 
9.cxd5 exd5 10.Bxf6 Nxf6 11.Ne5 Bd6 12.Nd3 Ne4 13.e3 Qe7 14.Qc2 Bd7 15.
Rab1 a5 16.Rfe1 h5 17.Nf4 Be8 18.f3 Nxc3 19.bxc3 h4 20.Qf2 g5 21.Nd3 hxg3 
22.hxg3 Bg6 23.f4 Rf7 24.Rb6 Bh5 25.fxg5 Qc7 26.Reb1 Bxg3 27.Qd2 Re8 28.c4
dxc4 29.Rxb7 Qd6 30.Nc5 Bh4 31.e4 Qg3 32.Rxf7 Bxf7 33.g6 Qxg6 34.exf5 Qxf5
35.Rf1 Qg6 36.Nd7 Bg5 37.Qd1 Bd5 38.Bxd5+ cxd5 39.Ne5 Be3+ 40.Kh2 Qh6+ 41.
Kg3 Qg5+ 42.Kh3 Re7 43.Qg4 Rh7+ 44.Kg3 Qxg4+ 45.Kxg4 Bxd4 46.Nf3 Be3 47.
Rd1 Rg7+ 48.Kf5 Rf7+ 49.Kg4 c3 50.Ne1 Rf1 0-1

[Event "Soviet zonal (w)"]
[Site "Chernigov URS"]
[Date "1985.??.??"]
[Round "?"]
[White "Alekhina, Natalia"]
[Black "Arakhamia, Ketevan"]
[Result "1-0"]
[WhiteElo "2170"]
[BlackElo "2140"]
[EventDate "1985.01.??"]
[PlyCount "105"]

1.d4 Nf6 2.c4 g6 3.Nc3 Bg7 4.e4 d6 5.Nf3 O-O 6.h3 c5 7.d5 e5 8.g4 a6 9.Be3
Nbd7 10.Nd2 Rb8 11.Be2 Ne8 12.Qc2 Bf6 13.O-O-O Bg5 14.Bxg5 Qxg5 15.h4 Qd8 
16.g5 Ng7 17.Rdg1 f6 18.h5 fxg5 19.hxg6 Rxf2 20.gxh7+ Kh8 21.Nf3 Qf6 22.
Nxg5 Nf8 23.Nd1 Rf4 24.Ne3 b5 25.cxb5 axb5 26.Rg3 Rb7 27.Qd1 Rf2 28.Ng2 
Qd8 29.Qe1 Rf6 30.Ne3 c4 31.Kb1 Ra7 32.Nc2 Ng6 33.Qg1 Qe7 34.Nb4 Rb7 35.
Nc6 Qf8 36.Bg4 Bxg4 37.Rxg4 Nf4 38.Nb4 Ne2 39.Qe1 Nd4 40.Rg2 Ra7 41.a3 Nf3
42.Nxf3 Rxf3 43.Nc6 Raf7 44.Ka2 Qa8 45.Qb4 Qa6 46.Qxd6 Qa4 47.Qd8+ Rf8 48.
Qxf8+ Rxf8 49.Nxe5 Rf6 50.Rxg7 Qb3+ 51.Ka1 Rf8 52.Rgg1 c3 53.Nf7+ 1-0

[Event "Soviet zonal (w)"]
[Site "Chernigov URS"]
[Date "1985.??.??"]
[Round "?"]
[White "Matveeva, Svetlana"]
[Black "Chelushkina, Irina"]
[Result "0-1"]
[WhiteElo "2115"]
[BlackElo "2160"]
[EventDate "1985.01.??"]
[PlyCount "110"]

1.Nf3 d5 2.g3 c5 3.Bg2 Nc6 4.d3 g6 5.O-O Bg7 6.Nbd2 e6 7.e4 Nge7 8.Re1 O-O
9.c3 h6 10.e5 a5 11.d4 cxd4 12.cxd4 Nf5 13.Nb3 b6 14.g4 Nh4 15.Nxh4 Qxh4 
16.Bf4 a4 17.Nc1 f5 18.h3 fxg4 19.Bg3 Qe7 20.Qxg4 h5 21.Qxg6 h4 22.Bh2 
Nxd4 23.Ne2 Nxe2+ 24.Rxe2 Bd7 25.Rd2 Rf5 26.f4 Be8 27.Qg4 Bh5 28.Qxf5 Qc5+
29.Kf1 exf5 30.Bxd5+ Kh7 31.Bxa8 Qe3 32.Rf2 Bf8 33.Kg2 Bc5 34.Rc2 Be2 35.
Rac1 Qf2+ 36.Kh1 a3 37.b3 Bf3+ 38.Bxf3 Qxf3+ 39.Rg2 Kh6 40.Rc2 Qxh3 41.b4 
Qf3 42.bxc5 h3 43.cxb6 Kh5 44.Bg3 hxg2+ 45.Rxg2 Kg4 46.Kh2 Qc6 47.e6 Qxe6 
48.b7 Qd6 49.Bf2+ Kf3 50.Ba7 Qxf4+ 51.Kg1 Qc1+ 52.Kh2 Qc7+ 53.Kg1 Qxb7 54.
Bc5 Qb1+ 55.Kh2 Qb2 0-1

[Event "Soviet zonal (w)"]
[Site "Chernigov URS"]
[Date "1985.??.??"]
[Round "?"]
[White "Litinskaya, Marta"]
[Black "Chelushkina, Irina"]
[Result "1-0"]
[WhiteElo "2210"]
[BlackElo "2160"]
[EventDate "1985.01.??"]
[PlyCount "113"]

1.d4 d5 2.c4 e6 3.Nc3 c5 4.cxd5 exd5 5.Nf3 Nc6 6.g3 Nf6 7.Bg2 Be7 8.O-O 
O-O 9.Bg5 cxd4 10.Nxd4 h6 11.Be3 Re8 12.Qb3 Na5 13.Qc2 Bg4 14.Nf5 Bb4 15.
h3 Bxf5 16.Qxf5 Bxc3 17.bxc3 Nc4 18.Bd4 Ne4 19.Rfb1 Re6 20.Rb4 Nb6 21.a4 
Rc8 22.a5 Nc4 23.e3 Ncd6 24.Qxd5 Nxc3 25.Bxc3 Rxc3 26.Qd4 Qf6 27.Rd1 Rc2 
28.Qxf6 Rxf6 29.Rf4 Rxf4 30.gxf4 Ne8 31.Bxb7 Rc7 32.a6 Kf8 33.Rd8 Ke7 34.
Ra8 Nd6 35.Kg2 Nb5 36.e4 g6 37.e5 Rc4 38.Kg3 Rc3+ 39.f3 Rc7 40.Rh8 h5 41.
f5 gxf5 42.Rxh5 Ke6 43.f4 Rc3+ 44.Kh4 Nd4 45.Rh8 Rc4 46.Re8+ Kd7 47.Ra8 
Ne6 48.Rxa7 Rxf4+ 49.Kg3 Ra4 50.Bd5+ Nc7 51.Bxf7 Rxa6 52.e6+ Kd6 53.Rxa6+ 
Nxa6 54.Kf4 Ke7 55.Kxf5 Nc5 56.h4 Kf8 57.Kg6 1-0

[Event "Soviet zonal (w)"]
[Site "Chernigov URS"]
[Date "1985.??.??"]
[Round "?"]
[White "Litinskaya, Marta"]
[Black "Matveeva, Svetlana"]
[Result "1/2-1/2"]
[WhiteElo "2210"]
[BlackElo "2115"]
[EventDate "1985.01.??"]
[PlyCount "116"]

1.d4 d6 2.c4 g6 3.Nc3 Bg7 4.e4 e5 5.Nf3 Bg4 6.d5 a5 7.Be2 Bxf3 8.Bxf3 Kf8 
9.a3 Nd7 10.Rb1 Bh6 11.b4 Bxc1 12.Qxc1 b6 13.O-O Kg7 14.Bd1 Nh6 15.Ba4 f5 
16.Bc6 Rb8 17.f4 exf4 18.Bxd7 Qxd7 19.Qxf4 axb4 20.axb4 Rbe8 21.Rbe1 Rhf8 
22.e5 dxe5 23.Rxe5 Qd6 24.Rxe8 Rxe8 25.Qxd6 cxd6 26.Nb5 Nf7 27.Ra1 Re7 28.
Ra6 Rb7 29.Kf2 Kf6 30.Ke3 g5 31.Ra7 Rxa7 32.Nxa7 Ke5 33.Nb5 Kf6 34.Kd4 Ne5
35.Na7 f4 36.Nc8 f3 37.gxf3 Nxf3+ 38.Ke3 Nxh2 39.Nxd6 Ke5 40.Nf7+ Kf6 41.
Nh6 Ke5 42.Nf7+ Kf6 43.Nh6 Ke5 44.Kf2 g4 45.Nf7+ Kf6 46.c5 bxc5 47.b5 c4 
48.d6 Ke6 49.b6 c3 50.b7 c2 51.b8=Q c1=Q 52.Qe8+ Kf6 53.Qe7+ Kg6 54.Nh8+ 
Kf5 55.Qxh7+ Ke6 56.Qe7+ Kd5 57.d7 Qf4+ 58.Kg2 Qf3+ 1/2-1/2

[Event "Soviet zonal (w)"]
[Site "Chernigov URS"]
[Date "1985.??.??"]
[Round "?"]
[White "Gurieli, Nino"]
[Black "Litinskaya, Marta"]
[Result "1-0"]
[WhiteElo "2275"]
[BlackElo "2210"]
[EventDate "1985.01.??"]
[PlyCount "117"]

1.e4 c5 2.Nf3 e6 3.d4 cxd4 4.Nxd4 Nf6 5.Nc3 Nc6 6.Be3 Bb4 7.Nxc6 bxc6 8.
Bd3 d5 9.e5 d4 10.exf6 dxe3 11.fxg7 exf2+ 12.Kf1 Rg8 13.Bxh7 Qh4 14.Bd3 
Rxg7 15.Qf3 Bd7 16.Ne4 f5 17.Nxf2 Bc5 18.Re1 O-O-O 19.g3 Qe7 20.Ba6+ Kc7 
21.Nd3 Bd6 22.Qe3 Ra8 23.Ke2 e5 24.Kd1 e4 25.Qd2 Rf8 26.Qa5+ Kb8 27.Rhf1 
Be6 28.Nf4 Bg8 29.c3 Qf7 30.Kc2 Qe7 31.Ne2 Bd5 32.Nd4 f4 33.gxf4 Bxf4 34.
c4 Rg2+ 35.Kb1 Bd2 36.Qxd5 cxd5 37.Nc6+ Kc7 38.Nxe7 d4 39.Nd5+ Kd6 40.Rd1 
Rxf1 41.Rxf1 d3 42.Nf6 e3 43.c5+ Kxc5 44.Rf5+ Kd6 45.Bxd3 Rxh2 46.Ne4+ Ke6
47.Ng5+ Kd6 48.Kc2 Ba5+ 49.Kb3 Bb6 50.Rf6+ Kd7 51.Bb5+ Kc7 52.Rf7+ Kb8 53.
Ba6 Rh6 54.Rb7+ Ka8 55.Rh7 Rxh7 56.Nxh7 Bd4 57.Ng5 Kb8 58.Ne6 Be5 59.Kc2 
1-0

[Event "Soviet zonal (w)"]
[Site "Chernigov URS"]
[Date "1985.??.??"]
[Round "?"]
[White "Fatalibekova, Elena"]
[Black "Arakhamia, Ketevan"]
[Result "1/2-1/2"]
[WhiteElo "2120"]
[BlackElo "2140"]
[EventDate "1985.01.??"]
[PlyCount "119"]

1.d4 Nf6 2.Nf3 g6 3.c4 Bg7 4.g3 O-O 5.Bg2 d6 6.O-O c5 7.Nc3 Nc6 8.dxc5 
dxc5 9.Be3 Be6 10.Ng5 Bxc4 11.Qa4 Na5 12.Bxc5 Rc8 13.Bxa7 Qc7 14.Nb5 Qe5 
15.Qxa5 Qxg5 16.a4 Bxe2 17.Rfe1 Rc2 18.Qb4 Bxb5 19.axb5 Ng4 20.h4 Qf5 21.
Be4 Rxb2 22.Qxb2 Bxb2 23.Bxf5 gxf5 24.Ra2 Bf6 25.Bc5 Ne5 26.Rd1 f4 27.Kg2 
Rc8 28.Bd4 f3+ 29.Kh3 Rd8 30.Raa1 Rd5 31.Be3 Nd3 32.Rab1 e5 33.h5 e4 34.g4
Kg7 35.Kh2 Be5+ 36.Kg1 h6 37.Kf1 Bc3 38.Rb3 Bf6 39.b6 Bg5 40.Rc3 Bxe3 41.
fxe3 Rg5 42.Rc7 Rxg4 43.Rxb7 Rg2 44.Rxd3 exd3 45.Rd7 Rb2 46.b7 Kf6 47.Rxd3
Rxb7 48.Kf2 Rb5 49.Kxf3 Rxh5 50.Ra3 Rf5+ 51.Kg3 Ke5 52.Ra4 Rg5+ 53.Kf3 
Rf5+ 54.Kg3 h5 55.Rb4 Kf6 56.Ra4 Kg5 57.Rb4 Re5 58.Kf3 f5 59.Rb8 Re6 60.
Rg8+ 1/2-1/2

[Event "Soviet zonal (w)"]
[Site "Chernigov URS"]
[Date "1985.??.??"]
[Round "?"]
[White "Gurieli, Nino"]
[Black "Akhmilovskaya, Elena"]
[Result "1/2-1/2"]
[WhiteElo "2275"]
[BlackElo "2245"]
[EventDate "1985.01.??"]
[PlyCount "145"]

1.e4 e5 2.Nf3 Nc6 3.Bb5 a6 4.Ba4 Nf6 5.O-O Be7 6.Re1 b5 7.Bb3 d6 8.a4 Bb7 
9.c3 Na5 10.Bc2 c5 11.d4 Nc6 12.d5 Na7 13.Nbd2 O-O 14.a5 g6 15.Nf1 Nh5 16.
Bh6 Re8 17.Qd2 Bc8 18.h3 Bf8 19.g4 Bxh6 20.Qxh6 Nf4 21.Ng3 Qf6 22.Nf5 Bxf5
23.exf5 Qg7 24.Qxg7+ Kxg7 25.Kh2 Nc8 26.Be4 Ra7 27.Rad1 Rd8 28.g5 f6 29.
Rg1 Ne7 30.gxf6+ Kxf6 31.fxg6 hxg6 32.Ng5 Rh8 33.Bf3 Nf5 34.Ne4+ Ke7 35.
Bg4 Kf8 36.Ng5 Re7 37.Ne4 Reh7 38.Ng5 Rh6 39.Rd2 Ke7 40.Rdd1 Ng7 41.Rge1 
Ne8 42.Re4 Kf6 43.Rxf4+ exf4 44.Ne4+ Kg7 45.Re1 Kf8 46.Ng5 Nf6 47.Be6 Rh4 
48.Nf7 R8h5 49.Nxd6 Nxd5 50.Kg2 Ne7 51.Bg4 Rd5 52.Re6 Rd2 53.Ne4 Rxb2 54.
Nxc5 Nd5 55.Kf3 Rh7 56.Rxa6 Re7 57.Rxg6 Kf7 58.Rc6 Nxc3 59.Be6+ Kg7 60.Nd3
Ne2 61.Rd6 Rd2 62.Bf5 b4 63.Rg6+ Kf7 64.Rd6 Ke8 65.Bg6+ Kf8 66.Rb6 b3 67.
a6 Ra2 68.Be4 Re6 69.Rb8+ Kg7 70.Bd5 Rd6 71.Rb7+ Kf6 72.Nxf4 Nxf4 73.Bxb3 
1/2-1/2

[Event "Soviet zonal (w)"]
[Site "Chernigov URS"]
[Date "1985.??.??"]
[Round "?"]
[White "Matveeva, Svetlana"]
[Black "Akhmilovskaya, Elena"]
[Result "1-0"]
[WhiteElo "2115"]
[BlackElo "2245"]
[EventDate "1985.01.??"]
[PlyCount "171"]

1.d4 d5 2.c4 e6 3.Nc3 Be7 4.Nf3 Nf6 5.cxd5 exd5 6.Bg5 O-O 7.e3 c6 8.Qc2 
Nbd7 9.Bd3 Re8 10.O-O Nf8 11.Bxf6 Bxf6 12.b4 a6 13.a4 Bg4 14.Nd2 Be7 15.b5
a5 16.Rab1 Bd6 17.bxc6 bxc6 18.Bf5 Bxf5 19.Qxf5 Rb8 20.g3 Re7 21.Na2 Reb7 
22.Qc2 Ne6 23.Rxb7 Rxb7 24.Nc1 c5 25.dxc5 Bxc5 26.Ndb3 Bb6 27.Rd1 Rd7 28.
Ne2 Qc7 29.Qxc7 Nxc7 30.Ned4 Ne6 31.Nc6 Kf8 32.Ncxa5 Bxa5 33.Nxa5 Nc5 34.
Rd4 Ra7 35.Nc6 Rxa4 36.Rxd5 Ne6 37.Rd7 Ra6 38.Ne5 f6 39.Nc4 Nc5 40.Rd5 Ne4
41.Rd4 f5 42.g4 Ra2 43.gxf5 Nxf2 44.Rd2 Rxd2 45.Nxd2 Ng4 46.e4 Kf7 47.Kg2 
g6 48.fxg6+ Kxg6 49.Kg3 Ne5 50.Kf4 Kf6 51.Nf3 Ng6+ 52.Ke3 h5 53.Kd4 Ke6 
54.Ne1 Ne5 55.h3 Ng6 56.Nd3 Kf6 57.Kd5 Ne7+ 58.Kd6 Nc8+ 59.Kc7 Ne7 60.Kd7 
Ng6 61.Kd6 Kg5 62.e5 Kh4 63.e6 Kg3 64.Ne5 Nh4 65.Ke7 Nf5+ 66.Kf6 Nd6 67.e7
Kxh3 68.Kg5 h4 69.Nf3 Ne4+ 70.Kf4 Nd6 71.Ng5+ Kg2 72.Kg4 Kf2 73.Nh7 Ne8 
74.Kxh4 Kf3 75.Kg5 Ke4 76.Kg6 Kd5 77.Ng5 Nc7 78.Kf7 Nb5 79.Kf8 Nc7 80.Kf7 
Nb5 81.Ke8 Kd6 82.Kf8 Nc7 83.Kf7 Ke5 84.Ne6 Nb5 85.Kf8 Nd6 86.Ng5 1-0

[Event "Soviet zonal (w)"]
[Site "Chernigov URS"]
[Date "1985.??.??"]
[Round "?"]
[White "Akhsharumova, Anna"]
[Black "Arakhamia, Ketevan"]
[Result "1/2-1/2"]
[WhiteElo "2215"]
[BlackElo "2140"]
[EventDate "1985.01.??"]
[PlyCount "198"]

1.d4 Nf6 2.c4 g6 3.Nc3 d5 4.cxd5 Nxd5 5.Bd2 Nb6 6.Bg5 Bg7 7.e3 h6 8.Bh4 
O-O 9.Be2 g5 10.Bg3 c5 11.Nf3 Nc6 12.dxc5 Bxc3+ 13.bxc3 Qxd1+ 14.Bxd1 Nd7 
15.h4 g4 16.Nh2 h5 17.e4 Nxc5 18.f3 Be6 19.O-O Rac8 20.Re1 Kh8 21.Re3 Rg8 
22.f4 Rgd8 23.Nf1 Bc4 24.Be2 Na5 25.Be1 Bxe2 26.Rxe2 Nd3 27.Bd2 Nc4 28.Bc1
Nc5 29.Be3 Nxe3 30.Rxe3 Nd3 31.Rb1 b6 32.Rb5 Nxf4 33.Rf5 Ne6 34.Rxf7 Rd7 
35.Ng3 Kg8 36.Rf5 Ng7 37.Rg5 Rc5 38.e5 Kf7 39.Nxh5 Rd1+ 40.Kh2 Nxh5 41.
Rxh5 Rd2 42.Rg5 Rxa2 43.Rxg4 Rc2 44.Rgg3 a5 45.h5 Rc8 46.e6+ Kf6 47.Rg6+ 
Kf5 48.Rf3+ Ke4 49.h6 Rh8 50.Rh3 Kf5 51.Rg7 Kf6 52.Rf3+ Kxe6 53.h7 Rd2 54.
Rh3 Rdd8 55.Re3+ Kf6 56.Rexe7 Ra8 57.Kh3 a4 58.Kg4 a3 59.Kh5 Rhf8 60.Ra7 
a2 61.Rxa8 Rxa8 62.Rg8 Rxg8 63.hxg8=Q a1=Q 64.Qd8+ Kf7 65.Qc7+ Kg8 66.Qg3+
Kf7 67.Qf3+ Kg7 68.g4 Qg1 69.Qb7+ Kf6 70.Qc6+ Kf7 71.Qd5+ Kg7 72.Qe5+ Kf7 
73.g5 Qd1+ 74.Kh4 Qh1+ 75.Kg4 Qd1+ 76.Kf4 Qf1+ 77.Ke4 Qc4+ 78.Ke3 Qc6 79.
Kd4 Qa4+ 80.Ke3 Qc6 81.Kd3 Qd7+ 82.Kc2 Qa4+ 83.Kb2 Qc4 84.Ka3 Kg6 85.Qf6+ 
Kh5 86.g6 Qa6+ 87.Kb4 Qa5+ 88.Kc4 Qc5+ 89.Kd3 Qd5+ 90.Ke3 Qc5+ 91.Ke4 Qc4+
92.Kf5 Qd5+ 93.Kf4 Qc4+ 94.Ke5 Qxc3+ 95.Ke6 Qb3+ 96.Ke7 Kh6 97.g7+ Kh7 98.
Qf8 Qe3+ 99.Kd6 Qd4+ 1/2-1/2